BIBLIOTHÈQUE DE LA MAISON DU MEXIQUE

Logo 1 Logo 2

Mañana el sol sera nuestro (notice nᵒ 3294)

détails MARC
000 -Sello discográfico
campo de control de longitud fija 00805nam a2200277 4500
005 - Identificación de versión
campo de control 20251017062737.0
035 ## - Otros números de control del sistema
Número de control del sistema 13158
099 ## - fechas locales
Tipo de ítem Koha LIBRO
100 ## - Datos de procesamiento general
Datos de procesamiento general 19980507d1949 m y1spay5003 ba
105 ## - Campo de datos codificados: Material textual, monográfico
Datos codificados de monografía y 000ay
200 1# - Título y mención de responsabilidad
Título propio Mañana el sol sera nuestro
Designación general del material texto impreso
Otra información del título novela
Primer mención de responsabilidad Josefina Pérezcano de Jiménez Arrillaga
210 ## - Publicación, distribución, etc.
Lugar de publicación, distribución, etc. México
Nombre del editor, distribuidor, etc. Ediciones Botas
Fecha de publicación, distribución, etc. 1949
215 ## - Descripción física
Designación de material específico y extensión del ítem 245 p
Dimensiones 19 cm
345 ## - Nota de información de adquisición
Fuente de adquisición/dirección de la suscripción [OBSOLETO] Donación
410 #1 - Series
Título Autoras Mexicanas
606 ## - Término temático usado como materia
Elemento de entrada Novela mexicana
Subdivisión cronológica Siglo XX
Número Koha 64
660 ## - Código de área geográfica
Código MX
700 ## - Nombre personal - Responsabilidad primaria
Elemento de entrada Pérezcano de Jiménez Arrillaga
Parte del nombre distinta del elemento de entrada Josefina
Fechas 1913-
Número Koha 6908
801 #0 - Fuente de origen
Agencia cm
900 ## -
-- 1/17051
900 ## -
-- 710988655\\070598
942 ## - ELEMENTOS DE ENTRADA SECUNDARIOS (KOHA)
Tipo de ítem Koha Livre
996 ## -
-- MEX
-- 751145101
-- MMAG
-- 011670
-- 863.4 P438M
-- 20241118LIV
Exemplaires
Estatus retirado Estado de daño Estado de pérdida Fecha de adquisición Biblioteca de origen Biblioteca actual Ubicación en estantería Código de barras Precio de reemplazo Signatura topográfica completa No para préstamo Tipo de ítem Koha Nota pública Nota no pública
      05/08/2025 Casa México Paris Casa México Paris   011670 05/08/2025 863.4 P438M   Livre 20241118LIV 751145101